|
|
|
|
| LEADER |
00681nam a22002412a 4500 |
| 001 |
000340539 |
| 003 |
CZ BrMZK |
| 005 |
19980115143423.0 |
| 007 |
ta |
| 008 |
980115s1961 xr f cze d |
| 015 |
|
|
|a cnb000516179
|
| 035 |
|
|
|a (OCoLC)85331442
|
| 040 |
|
|
|a BOA001
|b cze
|
| 100 |
1 |
|
|a Janyš, Bohumil,
|d 1907-1983
|7 jk01051189
|
| 245 |
1 |
0 |
|a Upínání obrobků na soustruhu /
|c Bohumil Janyš, Karel Raftl
|
| 250 |
|
|
|a 1. vyd.
|
| 260 |
|
|
|a Praha :
|b SNTL,
|c 1961
|
| 300 |
|
|
|a 115 s.
|
| 490 |
1 |
|
|a Knižnice strojírenské výroby ;
|v sv. 24
|
| 700 |
1 |
|
|a Raftl, Karel
|7 jx20041104032
|
| 830 |
|
0 |
|a Knižnice strojírenské výroby
|
| 910 |
|
|
|a BOA001
|b 1-0453.508
|
| 990 |
|
|
|a BK
|